Le Francais et les études internationales
Cung cấp khối lượng từ vựng cơ bản và từ vựng chuyên ngành cần thiết, củng cố và nâng cao kiến thức ngữ pháp. Được trình bày theo bốn nhóm chủ đề chính liên quan đến chuyên ngành Quốc tế học: Đời sống văn minh, văn minh và văn hóa; Đ...
Đã lưu trong:
| 主要作者: | |
|---|---|
| 其他作者: | |
| 格式: | 圖書 |
| 語言: | Undetermined |
| 出版: |
H.
Đại học Quốc gia Hà Nội
2000
|
| 主題: | |
| 在線閱讀: | http://lrc.tdmu.edu.vn/opac/search/detail.asp?aID=2&ID=7516 |
| 標簽: |
添加標簽
沒有標簽, 成為第一個標記此記錄!
|
| Thư viện lưu trữ: | Trung tâm Học liệu Trường Đại học Thủ Dầu Một |
|---|
| LEADER | 01240nam a2200217Ia 4500 | ||
|---|---|---|---|
| 001 | TDMU_7516 | ||
| 008 | 210410s9999 xx 000 0 und d | ||
| 082 | |a 448 | ||
| 090 | |b TR312 | ||
| 100 | |a Trịnh, Thị Thu Hồng | ||
| 245 | 0 | |a Le Francais et les études internationales | |
| 245 | 0 | |c Trịnh Thị Thu Hồng (chủ biên); Cao Thanh Hương, Bùi Văn Lung, Cao Sỹ Việt [và nh. ng. khác] | |
| 260 | |a H. | ||
| 260 | |b Đại học Quốc gia Hà Nội | ||
| 260 | |c 2000 | ||
| 300 | |a 247 tr. | ||
| 520 | |a Cung cấp khối lượng từ vựng cơ bản và từ vựng chuyên ngành cần thiết, củng cố và nâng cao kiến thức ngữ pháp. Được trình bày theo bốn nhóm chủ đề chính liên quan đến chuyên ngành Quốc tế học: Đời sống văn minh, văn minh và văn hóa; Đời sống kinh tế; Hợp tác quốc tế. | ||
| 650 | |a Tiếng Pháp |x Ngữ pháp; Tiếng Pháp |x Ứng dụng | ||
| 700 | |a Cao, Thanh Hương | ||
| 856 | |u http://lrc.tdmu.edu.vn/opac/search/detail.asp?aID=2&ID=7516 | ||
| 980 | |a Trung tâm Học liệu Trường Đại học Thủ Dầu Một | ||